Amor con hielo. Morat - Estadísticas

Estadísticas generales
  • Esta prueba ha sido intentada 79 veces
  • La puntuación promedio es 302 de 363
Estadísticas de respuestas
Respuesta % Correcto
a
100%
100%
100%
tu
100%
y
100%
Y
100%
con
98%
De
98%
de
98%
en
98%
es
96%
la
96%
amor
95%
me
95%
No
95%
no
95%
que
95%
Que
95%
se
95%
Se
95%
te
95%
el
93%
ya
91%
Ya
91%
Yo
91%
yo
91%
ha
89%
aunque
88%
dolor
88%
hielo
88%
olvidé
88%
Todo
88%
todo
88%
del
86%
despedida
86%
esa
86%
estación
86%
perro
86%
nada
84%
nombre
84%
debo
82%
guerra
82%
Lo
82%
lo
82%
porque
82%
Porque
82%
un
82%
mi
81%
quiero
81%
vale
81%
Oh
79%
Tan
79%
al
77%
aquí
77%
espero
77%
final
77%
nunca
77%
tanto
77%
tiempo
77%
ahogaste
75%
beso
75%
hay
75%
hey
75%
jure
75%
pagan
75%
pasado
75%
primera
75%
quedé
75%
vengas
75%
barco
74%
gana
74%
las
74%
murió
74%
Otra
74%
prueba
74%
robó
74%
siendo
74%
sigues
74%
hundió
72%
quien
72%
siempre
72%
sirenas
72%
boca
70%
Llevó
70%
llevó
70%
dices
68%
eso
68%
este
68%
extrañé
68%
primero
68%
victorias
68%
cobrarme
67%
corazón
67%
entendí
67%
sin
67%
eres
65%
Dejando
63%
Saltaste
63%
oh-oh
58%
buena
56%
Así
54%
doliera
54%
hiciste
54%
pegó
54%
quiebra
54%
rompiendo
54%
intenté
53%
quedó
53%
cambien
49%
recuerdo
49%
salvar
49%
perdió
46%
Mm
44%
guardé
42%
escondido
39%
bien
37%
¡Hey!
33%
¡hey!
33%
estabas
18%
quiese
9%
No se encontraron pruebas coincidentes
Distribución de puntuación
Porcentaje de gente con cada puntuación
Porcentaje por número respondido
Historial de tus puntuaciones
No has intentado esta prueba.